100 largest Slovak municipalities (villages) - Statistics

General Stats
  • This quiz has been taken 59 times
  • The average score is 14 of 100
Answer Stats
Population Municipality District % Correct
8194 Bernolákovo SC
70%
8751 Smižany SN
57%
6835 Ivanka pri Dunaji SC
54%
4669 Rovinka SC
41%
6328 Chorvátsky Grob SC
35%
7117 Dunajská Lužná SC
35%
3716 Most pri Bratislave SC
30%
3797 Podbrezová BR
30%
3998 Kúty SE
27%
3056 Lozorno MA
27%
3569 Malinovo SC
27%
5720 Oščadnica CA
24%
4615 Slovenský Grob PK
24%
4300 Cabaj-Čápor NR
22%
6056 Čaňa KS
22%
3380 Zohor MA
22%
3223 Neded SA
19%
5557 Raková CA
19%
5095 Šenkvice PK
19%
4019 Štiavnik BY
19%
4076 Terchová ZA
19%
5082 Tvrdošovce NZ
19%
4281 Močenok SA
16%
3216 Nitrianske Pravno PD
16%
4154 Šoporňa GA
16%
3627 Valaská BR
16%
3220 Vlčany SA
16%
5510 Zákamenné NO
16%
5947 Beluša PU
14%
4123 Bošany PE
14%
3905 Čachtice NM
14%
5090 Čierny Balog BR
14%
4370 Cífer TT
14%
4009 Kanianka PD
14%
3870 Lehota pod Vtáčnikom PD
14%
5352 Lendak KK
14%
3509 Nálepkovo GL
14%
3997 Oravská Polhora NO
14%
3174 Pata GA
14%
5106 Rabča NO
14%
3524 Rohožník MA
14%
5243 Skalité CA
14%
3354 Smolenice TT
14%
3483 Štrba PP
14%
3688 Tešedíkovo SA
14%
3485 Trenčianska Turná TN
14%
3646 Turňa nad Bodvou KS
14%
4689 Veľké Úľany GA
14%
4238 Veľké Zálužie NR
14%
3516 Zlaté Klasy DS
14%
3335 Bátorove Kosihy KN
11%
3380 Belá ZA
11%
4453 Čierne CA
11%
5044 Dvory nad Žitavou NZ
11%
7027 Jarovnice SB
11%
3472 Lomnička SL
11%
3469 Miloslavov SC
11%
3068 Mútne NO
11%
4017 Nižná TS
11%
3443 Oravská Lesná NO
11%
4714 Sučany MT
11%
3617 Veľké Leváre MA
11%
3703 Bánov NZ
8%
3999 Borský Mikuláš SE
8%
3282 Horné Saliby GA
8%
3982 Jelka GA
8%
4585 Ľubica KK
8%
3602 Ľubotice PO
8%
4606 Markušovce SN
8%
4189 Palárikovo NZ
8%
3342 Prakovce GL
8%
3278 Rosina ZA
8%
3257 Slovenská Ľupča BB
8%
3487 Svrčinovec CA
8%
3775 Trstice GA
8%
4683 Valaliky KS
8%
3859 Varín ZA
8%
3867 Veľká Ida KS
8%
3571 Zborov BJ
8%
3399 Belá nad Cirochou SN
5%
3080 Dolná Súča TN
5%
3178 Hranovnica PP
5%
3695 Jasov KS
5%
3714 Marcelová KN
5%
3683 Novoť NO
5%
3552 Okoč DS
5%
4727 Rudňany SN
5%
4244 Trenčianska Teplá TN
5%
3351 Trenčianske Stankovce TN
5%
4983 Veľká Lomnica KK
5%
3750 Veľké Rovné BY
5%
3666 Bystrany SN
3%
3360 Horná Súča TN
3%
3159 Klenovec RS
3%
4282 Komjatice NZ
3%
4011 Lednické Rovne PU
3%
3676 Liptovské Sliače RK
3%
3168 Nesluša KN
3%
4687 Pavlovce nad Uhom MI
3%
4249 Teplička nad Váhom ZA
3%
No matching quizzes found
Score Distribution
Percent of People with Each Score
Percentile by Number Answered
Your Score History
You have not taken this quiz